| 000 | 00554nam a2200169 4500 | ||
|---|---|---|---|
| 001 | 108676 | ||
| 003 | ES-MaACL | ||
| 005 | 20230906184702.0 | ||
| 007 | t| | ||
| 008 | 061121s1924 ag r ||||1| spa d | ||
| 100 | 1 |
_aMontagne, Edmundo. _982313 |
|
| 245 | 1 | 4 |
_aLos más bellos poemas de Edmundo Montagne / _cselección y nota de Leopoldo Durán y un soneto iconográfico de Fernández Moreno. |
| 260 |
_aBuenos Aires : _b[el autor], _c1924. |
||
| 300 |
_a142 p., 1 lám ; _c16 cm. |
||
| 700 | 1 |
_aDurán, Leopoldo. _946190 |
|
| 852 |
_aES-MaACL _jF-13432 |
||
| 999 |
_c108676 _d108676 |
||